| 000 | 01000cam a2200301 i 4500 | ||
|---|---|---|---|
| 001 | 200431214 | ||
| 003 | TR-AnTOB | ||
| 005 | 20260122141223.0 | ||
| 007 | ta | ||
| 008 | 181027s1982 tu a b 000 0 tur d | ||
| 010 | _a 85203101 | ||
| 040 |
_aDLC _beng _erda _cTR-AnTOB _dTR-AnTOB |
||
| 041 | 0 | _atur | |
| 050 | 1 | 4 |
_aJX846 _b.Y395 1982 |
| 090 |
_aJX846 _b .Y395 1982 |
||
| 100 | 1 |
_aYazıcı, Reşat, _d1934- _eauthor _9129215 |
|
| 245 | 1 | 0 |
_aTürkiye, İslam ülkeleri : _banlaşmalar ve mevzuat / _cReşat Yazıcı. |
| 264 | 3 |
_aAnkara : _bReşat Yazıcı, _c1982. |
|
| 300 |
_axxvii, 452 pages : _billustrations ; _c24 cm |
||
| 336 |
_atext _btxt _2rdacontent |
||
| 337 |
_aunmediated _bn _2rdamedia |
||
| 338 |
_avolume _bnc _2rdacarrier |
||
| 651 | 7 |
_aTürkiye _xDış ilişkiler _zİslam ülkeleri _2etuturkob _9129217 |
|
| 651 | 7 |
_aİslam ülkeleri _xDış ilişkiler _zTürkiye _2etuturkob _9129219 |
|
| 942 |
_2lcc _cBK |
||
| 999 |
_c200431214 _d49426 |
||